000 00647nam a2200181 a 4500
001 49318
005 20180714033950.0
008 140415s2003 mx 000 0 spa d
020 _a9701041887
041 _aspa
082 _a005.369
_bCOM
245 0 0 _aCOMPUTACION INTERACTIVA
250 _a1a ed.
260 _aMEXICO :
_bMCGRAW-HILL INTERAMERICANA EDITORES,
_c2003
300 _a608
_c21 x 2.5 x 27
520 _aPROPORCIONA UN ENTORNO INTERACTIVO ILUSTRADO PARA EL APRENDIZAJE DE TÉCNICAS DE MANEJO DEL SOFTWARE DE MICROSOFT OFFICE EN EL LIBRO SE OFRECEN INSTRUCCIÓN PRÁCTICA
740 _aMICROSOFT OFFICE XP VOLUME 1
999 _c49318
_d49318